Secondary worlds /

Saved in:
Bibliographic Details
Main Author: Auden, W. H. (Wystan Hugh), 1907-1973
Format: Book
Language:English
Published: London : Faber & Faber, 1968.
Series:T.S. Eliot memorial lectures (London, England) ; 1967
LEADER 00549nam a22001691i 4500
001 c000356109
003 CARM
005 00000000000000.0
008 851029s1968 enk 00000 eng d
019 1 |a 4021651 
050 0 0 |a PR6001.U4  |b .S4 1968 
100 1 |a Auden, W. H.  |q (Wystan Hugh),  |d 1907-1973. 
245 1 0 |a Secondary worlds /  |c by W. H. Auden. 
260 |a London :  |b Faber & Faber,  |c 1968. 
300 |a 144p. 
490 0 |a T.S. Eliot memorial lectures (London, England) ;  |v 1967 
999 f f |i 28592a8c-abf2-55cb-acc5-6d26e0a1b4b0  |s 79992678-5dcc-5107-ad63-81f1a0db3e00